al-Iqtiṣād al-ʻIrāqī. (Record no. 46548)

MARC details
000 -LEADER
fixed length control field 00520cam a22002171 4500
001 - CONTROL NUMBER
control field ne 63002673
003 - CONTROL NUMBER IDENTIFIER
control field DLC
005 - DATE AND TIME OF LATEST TRANSACTION
control field 20260227111753.0
008 - FIXED-LENGTH DATA ELEMENTS--GENERAL INFORMATION
fixed length control field 890916q19601969xx 000 0 ara
010 ## - LIBRARY OF CONGRESS CONTROL NUMBER
LC control number ne 63002673
035 ## - SYSTEM CONTROL NUMBER
System control number (OCoLC)23498763
040 ## - CATALOGING SOURCE
Original cataloging agency DLC
Transcribing agency MiU
Modifying agency DLC
042 ## - AUTHENTICATION CODE
Authentication code premarc
050 00 - LIBRARY OF CONGRESS CALL NUMBER
Classification number HC497.I7
Item number N2
100 1# - MAIN ENTRY--PERSONAL NAME
Personal name Nājī, Hilāl.
245 13 - TITLE STATEMENT
Title al-Iqtiṣād al-ʻIrāqī.
260 ## - PUBLICATION, DISTRIBUTION, ETC.
Date of publication, distribution, etc. 196-.
300 ## - PHYSICAL DESCRIPTION
Extent 119 p.
Other physical details facsim.
Dimensions 19 cm.
490 0# - SERIES STATEMENT
Series statement #
651 #0 - SUBJECT ADDED ENTRY--GEOGRAPHIC NAME
Geographic name Iraq
General subdivision Economic conditions

No items available.

Powered by Koha